Scenario-driven planning (Record no. 102932)

MARC details
000 -LEADER
fixed length control field 01265cam a2200289 4500
008 - FIXED-LENGTH DATA ELEMENTS--GENERAL INFORMATION
fixed length control field 030630n1995 000 0 eng u
020 ## - INTERNATIONAL STANDARD BOOK NUMBER
International Standard Book Number 0899308252
035 ## - SYSTEM CONTROL NUMBER
System control number (Sirsi) u122801
041 ## - LANGUAGE CODE
Language code of text/sound track or separate title eng
050 ## - LIBRARY OF CONGRESS CALL NUMBER
Classification number 658.4012
-- 20
050 ## - LIBRARY OF CONGRESS CALL NUMBER
Classification number 658.401
-- 18
100 ## - MAIN ENTRY--PERSONAL NAME
Personal name Georgantzas, Nicholas C.
245 ## - TITLE STATEMENT
Title Scenario-driven planning
Remainder of title learning to manage strategic uncertainty
260 ## - PUBLICATION, DISTRIBUTION, ETC.
Place of publication, distribution, etc. Westport
Name of publisher, distributor, etc. Quorum
Date of publication, distribution, etc. 1995
300 ## - PHYSICAL DESCRIPTION
Extent xxx, 396p.
Dimensions 25cm.
350 ## - PRICE (NR) (BK AM CF MU VM SE) [OBSOLETE]
Price 75.95
520 ## - SUMMARY, ETC.
Summary, etc. This American book introduces the scope, methods and uses of the emerging management technology scenario-driven planning. Looks at the role of the environment, introductory and standard applications, competitive advantage through scenarios and strategy designs and planning technology for the 1990s. Appendices cover theoretical foundations of scenario-driven planning, the art of organisational learning and intelligence-amplifying tools. Includes bibliography.
650 ## - SUBJECT ADDED ENTRY--TOPICAL TERM
Topical term or geographic name entry element MANAGEMENT TECHNIQUES
650 ## - SUBJECT ADDED ENTRY--TOPICAL TERM
Topical term or geographic name entry element ORGANISATIONAL MANAGEMENT
650 ## - SUBJECT ADDED ENTRY--TOPICAL TERM
Topical term or geographic name entry element STRATEGIC MANAGEMENT
650 ## - SUBJECT ADDED ENTRY--TOPICAL TERM
Topical term or geographic name entry element SCENARIO PLANNING
650 ## - SUBJECT ADDED ENTRY--TOPICAL TERM
Topical term or geographic name entry element STRATEGIC PLANNING
650 ## - SUBJECT ADDED ENTRY--TOPICAL TERM
Topical term or geographic name entry element ORGANISATIONAL LEARNING
690 ## - LOCAL SUBJECT ADDED ENTRY--TOPICAL TERM (OCLC, RLIN)
Topical term or geographic name as entry element MANAGEMENT-BUSINESS MANAGEMENT
700 ## - ADDED ENTRY--PERSONAL NAME
Personal name Acar, William
942 ## - ADDED ENTRY ELEMENTS (KOHA)
Suppress in OPAC 0
Holdings
Withdrawn status Lost status Source of classification or shelving scheme Damaged status Not for loan Home library Current library Shelving location Date acquired Cost, normal purchase price Total Checkouts Full call number Barcode Date last seen Date last checked out Copy number Cost, replacement price Price effective from Koha item type
    Other/Generic Classification Scheme     London London Books 19/08/2003 75.95 3 658.401 GEO 30067646 06/08/2019 27/10/2003 1 75.95 06/08/2019 Book